00862cam a22002293a 45000010005000000030006000050050017000110080041000280400015000690420007000840500006000911000037000972450085001342600029002195050232002485060030004805160020005106530011005306530022005418300028005638560041005916842PGUSA20140828083137.0041101s2004||||xxu|||||s|||||000 | eng d aPGUSAbeng adc 4aB1 aTagore, Rabindranath,d1861-194110aSadhana :bthe realisation of lifeh[electronic resource] /cRabindranath Tagore bProject Gutenberg,c20040 aThe relation of the individual to the universe -- Soul consciousness -- The problem of evil -- The problem of self -- Realisation in love -- Realisation in action -- The realisation of beauty -- The realisation of the infinite. aPublic domain in the USA. aElectronic text aValues aPhilosophy, Hindu 0aProject Gutenbergv684240uhttp://www.gutenberg.org/ebooks/6842